Регионална библиотека "Любен Каравелов" - Русе

Наръчник за инвентарни метални скелета (Запис номер 381949)

MARC детайли
000 -Лидер
Контролно поле с фиксирана дължина nam a22 a 4500
003 - Код на организацията, давaща контролен номер
Контролно поле BLK
005 - Дата и час на последна редакция
Контролно поле 20201007040927.0
008 - Елементи от данни с фиксирана дължина
fixed length control field 200813b bul|||||r ||||||| ||bul||
040 ## - Източник на каталожния запис
Идентификатор на билиотеката - собственик на записа BLK
041 ## - Код за език
Код за езика на текст/звукозапис или на отделно заглавие Български
Код за езика КДБФ Български
080 ## - УДК
Текстов определител УДК Строителство със стоманени и др. метални конструкции. Вж и 624.014; 69.057; 691.7
УДК код - определител по УДК 693.8
УДК определител (035)
УДК - код + определител 693.8(035)
100 ## - Редна дума - Автор
Автор Чолаков, Димитър Маринов
Авторска отговорност първи автор
R(LIN) 1299
139 ## - Редно поле
Редна дума Чолаков, Димитър Маринов
245 10 - Сведения за заглавието
Заглавие Наръчник за инвентарни метални скелета
Редно поле (дума) Димитър М. Чолаков ; Науч. ред. Димитър Ас. Димитров.
257 ## - Страна на издаване
Страна на създаване/издаване България
260 ## - Област на издателските данни
Място на издаване, разпространение и проч. София
Име на издателя, разпространителя и проч. Техника
Година на издаване 1970
Печатница Ст. Загора : ОП Печат
300 ## - Физическа характеристика
Страници 172 с.
Илюстрации и др. с черт.
Размери/Мащаб 18 см
380 ## - Жанр
Жанр Техника
490 ## - СЕРИИ (Колекции)
Име на серия Министерство на строежите
9 (RLIN) 205788
650 #0 - Допълнително описание по предмет – тема
9 (RLIN) 427052
Основно описание – тема или топоним Строителни конструкции, метални
700 1# - Други автори (авторска отговорност)
Лично име Димитров, Димитър Ас.
Автороска отговорност (Описва отношението между автора и произведението) Науч. ред.
9 (RLIN) 427057
852 ## - Местоположение
Форматна сигнатура Цб І 11523
Фондова буква Хранилище
999 ## - СИСТЕМНИ КОНТРОЛНИ НОМЕРА
Koha biblionumber 381949
Koha biblioitemnumber 381949
942 ## - АРТИКУЛИ
Вид на библиотечния материал Книги
Скрит в OPAC Не
Периодичен библиозапис Да
944 ## - СЪЗДАВАНЕ И РЕДАКЦИЯ на ЗАПИСА
Създаване/Редакция Създаване
Дата на регистрацията/редакция 2020-08-13
Служител, извършил регистрацията/редакцията ГГГ
Наличности
Код за отписване Код за изгубен артикул Източник на класификационната схема Код за повреда Коз за рестрикции Код за отдаване Артикулен № Име на библиотеката - собственик Име на библиотеката, в която се намира в момента Статус (Текущо местоположение) Дата на вписване в системата Местоположение - отдел Цена в лева Инвентарен номер Систематично азбучна сигнатура Баркод Цена в евро Служебен тип на артикула
  Не е изгубен Universal Decimal Classification Не е повреден само за читалня ползва се в читалня 791483 Регионална библиотека "Любен Каравелов" Русе Регионална библиотека "Любен Каравелов" Русе Хранилище 2020-08-17 Хранилище 0.30 70755 Цб І 11523 120000070755 0.15 Книги
Vip Innovations Ltd, Rousse, Bulgaria 2025